Govt. of
Madhya Pradesh

सरल मानक (Record no. 45031)

MARC details
000 -LEADER
fixed length control field 005250000a22001690004500
003 - CONTROL NUMBER IDENTIFIER
control field MACL
005 - DATE AND TIME OF LATEST TRANSACTION
control field 20160406130205.0
008 - FIXED-LENGTH DATA ELEMENTS--GENERAL INFORMATION
fixed length control field 160406b xxu||||| |||| 00| 0 eng d
040 ## - CATALOGING SOURCE
Original cataloging agency MACL
Transcribing agency MACL
041 ## - LANGUAGE CODE
Language code of text/sound track or separate title Hindi
082 ## - DEWEY DECIMAL CLASSIFICATION NUMBER
Classification number 403 TAR
100 ## - MAIN ENTRY--PERSONAL NAME
Personal name तरूण हरिवंश
9 (RLIN) 50763
245 ## - TITLE STATEMENT
Title सरल मानक
Remainder of title हिन्‍दी व्‍याकरण और रचना
260 ## - PUBLICATION, DISTRIBUTION, ETC. (IMPRINT)
Name of publisher, distributor, etc. ग्रंथलोक
Date of publication, distribution, etc. 2010
Place of publication, distribution, etc. नई दिल्‍ली
350 ## - PRICE (NR) (BK AM CF MU VM SE) [OBSOLETE]
Price 200
942 ## - ADDED ENTRY ELEMENTS (KOHA)
Koha item type Hindi Books
Call number prefix 403/TAR
Source of classification or shelving scheme
Holdings
Withdrawn status Lost status Source of classification or shelving scheme Damaged status Not for loan Home library Current library Date acquired Cost, normal purchase price Total Checkouts Full call number Barcode Date last seen Date last checked out Uniform Resource Identifier Price effective from Koha item type
          MACL MACL 06/04/2016 200.00 2 403/TAR CRH025972 06/09/2017 23/08/2017 45345 15/04/2015 Books